All One Piece Islands - Statistics

General Stats
  • This quiz has been taken 34 times
  • The average score is 19 of 32
Answer Stats
Area Island % Correct
New World Wano
86%
New World Dressrosa
82%
East Blue Baratie
79%
East Blue Cocoyasi Village
75%
Paradise Marineford
75%
Paradise Alabasta
71%
Calm Belt Amazon lily
71%
East Blue Orange town
71%
East Blue Dawn island
68%
Paradise Enies Lobby
68%
Calm Belt Impel Down
68%
New World Punk Hazard
68%
New World Totto Land
68%
Ocean Floor Fishman Island
64%
Paradise Little Garden
64%
East Blue Shells Town
64%
East Blue Syrup Village
64%
Paradise Water 7
64%
Paradise Drum Island
61%
Paradise Jaya
61%
Paradise Sabaody
57%
Multiple Areas Thriller Bark
57%
Paradise Whiskey Peak
54%
New World Zou
54%
Paradise Long Ring Long Island
46%
West Blue Ohara
39%
Red line Twin Cape
39%
Red Line Mary Geoise
32%
Sky Ocean Skypeia
32%
Multiple Areas Germa
29%
North Blue Flevance
18%
East Blue Lougetown
14%
No matching quizzes found
Score Distribution
Percent of People with Each Score
Percentile by Number Answered
Your Score History
You have not taken this quiz